Normal view
MARC view
- Girjakahi, Javed
Entry Personal Name
001 - CONTROL NUMBER
- control field: 15201
003 - CONTROL NUMBER IDENTIFIER
- control field: NUST
005 - DATE AND TIME OF LATEST TRANSACTION
- control field: 20190620083519.0
008 - FIXED-LENGTH DATA ELEMENTS
- fixed length control field: 190620|| aca||aabn | a|a d
040 ## - CATALOGING SOURCE
- Original cataloging agency: NUST
- Transcribing agency: NUST
100 ## - HEADING--PERSONAL NAME
- Personal name: Girjakahi, Javed
670 ## - SOURCE DATA FOUND
- Source citation: Work cat.: (NUST): Girjakahi, Javed, Lokan Miti /, 1999.
